Des expressions contenant le mot "enfant" - Statistiques

Statistiques générales
  • Ce quiz a été pris 86 fois
  • Le résultat moyen est 5 sur 51
Statistiques - réponses
Indice Réponse % Correct
L Enfant de la {Lune}
64%
J {Jeu} d'enfants
45%
B Enfant de la {Balle}
42%
B Etre {bon} enfant
39%
A Enfant de l'{amour}
35%
R Enfant-{roi}
31%
G Enfant {gâté}
24%
F {Faire} l'enfant
24%
C Enfant de {choeur}
22%
R Enfant des {Rues}
20%
G {Garde} d'enfant
18%
P Enfant du {Pays}
16%
F {Femme}-enfant
15%
B {Bon} enfant
12%
U Enfant {unique}
12%
A {Arrière}-{petit} enfant
11%
B {Beaux}-enfants
11%
M Enfant de { Marie}
11%
J {Jardin} d'enfants
9%
P {Petit}-enfant
9%
B {Bonne} d'enfants
7%
S Enfant {sauvage}
7%
B Enfant-{bulle}
5%
F Enfants de {France}
5%
V {Voiture} d'enfant
5%
T Enfant {terrible}
4%
H {Hôpital} pour enfants
4%
T Enfant de {Troupe}
3%
J Enfant {Jésus}
3%
P Enfant {prodige}
3%
P Enfant {prodigue}
3%
S Enfant-{soldat}
3%
T Enfant {terrible}
3%
T Enfant {trouvé}
3%
P {Parc} pour enfants
3%
A Enfant {abandonné}
1%
D Enfant {difficile}
1%
I Enfant {Illégitime}
1%
L Enfant {légitime}
1%
M Enfant {martyr}
1%
N Enfant {Naturel}
1%
P Enfant-{perdu}
1%
P Enfant {prématuré}
1%
M {Manège} pour enfants
1%
C {Chaise} d'enfant
0%
A Enfant {adoptif}
0%
A Enfant {adultérin}
0%
P Enfant {Posthume}
0%
R Enfant {reconnu}
0%
S Enfant {surdoué}
0%
M {Menu} enfant
0%
Aucun quiz correspondant
Distribution des résultats
% des personnes avec chaque résultat
Percentile par nombre de réponses
Votre historique - résultats
Vous n’avez pas pris ce quiz